Laddar...

Marketing management for nonprofit organizations /

Bibliografiska uppgifter
Huvudupphovsman: Sargeant, Adrian
Materialtyp: Printed Book
Språk:English
Publicerad: New Delhi : Oxford University Press, 2009.
Upplaga:3rd ed.
LEADER 00566nam a22001577a 4500
008 161110b xxu||||| |||| 00| 0 eng d
999 |c 160949  |d 160949 
020 |a 9780199584147 
082 |a 658.802  
100 |a Sargeant, Adrian 
245 |a Marketing management for nonprofit organizations /  |c Adrian Sargeant 
250 |a 3rd ed. 
260 |b Oxford University Press,  |c 2009.  |a New Delhi : 
300 |a xix, 498 p. 
942 |c BK 
952 |0 0  |1 0  |4 0  |6 658_802000000000000_SAR_M  |7 0  |9 176032  |a CMS  |b CMS  |c ST1  |d 2016-11-10  |i 10637  |l 0  |o 658.802 SAR/M  |p CMS10637  |r 2016-11-10  |w 2017-05-05  |y BK